[Event "Est ch 2020 U18"]
[Site "?"]
[Date "2020.01.23"]
[Round "1.7"]
[White "Andrijashkin, Deniss"]
[Black "Uibokant, Karl Oskar"]
[Result "1-0"]
[WhiteElo "1955"]
[BlackElo "1714"]
[PlyCount "102"]
[SourceVersionDate "2020.02.03"]

1. e4 e5 2. Nf3 Nc6 3. Bc4 Bc5 4. c3 Nf6 5. d3 h6 6. Nbd2 O-O 7. O-O d6 8. Re1
a6 9. Bb3 Ne7 10. d4 exd4 11. cxd4 Bb6 12. h3 Ng6 13. Nf1 Bd7 14. Ng3 Bc6 15.
Bc2 Re8 16. d5 Bd7 17. Bd2 Qc8 18. Nf5 Bxf5 19. exf5 Ne7 20. Ba4 Nd7 21. f6
Nxd5 22. Rxe8+ Qxe8 23. fxg7 Qe6 24. Bxd7 Qxd7 25. Bxh6 Qf5 26. Qd2 Nf6 27. Be3
Ne4 28. Qd3 Bxe3 29. Qxe3 Re8 30. Rc1 c6 31. Re1 Nf6 32. Qh6 Rxe1+ 33. Nxe1 Nh7
34. Qxd6 Kxg7 35. Qg3+ Kh8 36. Qb8+ Kg7 37. Qxb7 Qe4 38. Nf3 Qc4 39. Qb3 Qc1+
40. Kh2 Nf6 41. g3 Nd5 42. Kg2 a5 43. a3 Qc5 44. Qd3 Qc1 45. Qd4+ Kf8 46. Qh8+
Ke7 47. Qe5+ Kf8 48. h4 Qc2 49. Qh8+ Ke7 50. Qe5+ Kf8 51. Qd6+ Kg8 1-0

[Event "Est ch 2020 U18"]
[Site "?"]
[Date "2020.01.23"]
[Round "1.8"]
[White "Makarov, Gleb"]
[Black "Rõtshagov, Nikita"]
[Result "0-1"]
[WhiteElo "1671"]
[BlackElo "1953"]
[PlyCount "62"]
[SourceVersionDate "2020.02.03"]

1. d4 d5 2. c4 e6 3. Nf3 Nf6 4. g3 dxc4 5. Qa4+ Nbd7 6. Bg2 a6 7. Qxc4 b5 8.
Qc2 Bb7 9. O-O c5 10. b3 Rc8 11. dxc5 Bxc5 12. Qd1 O-O 13. Bb2 Qb6 14. e3 Rfd8
15. Qe2 h6 16. Nbd2 Nd5 17. Ne4 Nb4 18. Nxc5 Nxc5 19. Bd4 Qd6 20. Rfd1 Qe7 21.
Rac1 Ncd3 22. Rc3 Bxf3 23. Bxf3 e5 24. Rxc8 Rxc8 25. Ba1 Qf6 26. Rf1 Rc2 27.
Qd1 Rc1 28. Qe2 Rxa1 29. Rxa1 e4 30. Bxe4 Qxa1+ 31. Kg2 Nc5 0-1

[Event "Est ch 2020 U18"]
[Site "?"]
[Date "2020.01.23"]
[Round "1.9"]
[White "Olde, Karl Erik"]
[Black "Kull, Tormi"]
[Result "0-1"]
[WhiteElo "1940"]
[BlackElo "1668"]
[PlyCount "48"]
[SourceVersionDate "2020.02.03"]

1. d4 d5 2. c4 c6 3. Nf3 Nf6 4. e3 a6 5. Nc3 b5 6. cxd5 cxd5 7. Bd3 Bg4 8. h3
Bh5 9. g4 Bg6 10. Bxg6 hxg6 11. Ne5 e6 12. Qf3 Nbd7 13. Nxf7 Kxf7 14. g5 b4 15.
Ne2 Rc8 16. gxf6 Qxf6 17. Qg4 Bd6 18. h4 Qf5 19. Qg2 Nf6 20. Rh3 Rc2 21. Ng1 b3
22. a3 Rhc8 23. Bd2 Rxb2 24. Qf1 Rb1+ 0-1

[Event "Est ch 2020 U18"]
[Site "?"]
[Date "2020.01.23"]
[Round "1.10"]
[White "Kuldmaa, Tanel"]
[Black "Pedmanson, Herman"]
[Result "0-1"]
[WhiteElo "1666"]
[BlackElo "1931"]
[PlyCount "62"]
[SourceVersionDate "2020.02.03"]

1. d4 Nf6 2. c4 e6 3. Nc3 Bb4 4. Nf3 b6 5. e3 Bb7 6. Bd3 d6 7. O-O Bxc3 8. bxc3
Ne4 9. Qc2 f5 10. Nd2 Nxd2 11. Bxd2 O-O 12. e4 f4 13. d5 e5 14. a4 a5 15. g3
Bc8 16. Rfe1 Bh3 17. Bf1 Qd7 18. Qd3 Na6 19. gxf4 Bxf1 20. Qxf1 exf4 21. f3
Rae8 22. Qf2 Nc5 23. Qh4 Qe7 24. Qg4 Rf6 25. Kh1 Rg6 26. Qh3 Nd3 27. Rf1 Qg5
28. Be1 Rh6 29. Qg2 Qh5 30. Bf2 Rg6 31. Bg3 fxg3 0-1

[Event "Est ch 2020 U18"]
[Site "?"]
[Date "2020.01.23"]
[Round "1.11"]
[White "Pedmanson, Albert"]
[Black "Padari, Tuudur Jakob"]
[Result "1-0"]
[WhiteElo "1915"]
[BlackElo "1629"]
[PlyCount "113"]
[SourceVersionDate "2020.02.03"]

1. e4 e5 2. Nf3 Nc6 3. d4 exd4 4. Bc4 Be7 5. Nxd4 d6 6. O-O Ne5 7. Be2 Nf6 8.
Nc3 O-O 9. f4 Ned7 10. Bf3 c6 11. Nf5 Nb6 12. Nxe7+ Qxe7 13. Re1 Qc7 14. b3 Be6
15. f5 Bc8 16. Bf4 Rd8 17. Qd2 Ne8 18. Rad1 f6 19. Bh5 Qe7 20. Bxe8 Qxe8 21.
Bxd6 Qh5 22. Qf4 Nd7 23. Ne2 Re8 24. Ng3 Qf7 25. h4 b6 26. h5 Bb7 27. h6 c5 28.
hxg7 Qxg7 29. Bc7 Ne5 30. Bxe5 Rxe5 31. Nh5 Qg5 32. Qxg5+ fxg5 33. Rd7 Bc6 34.
Rc7 Be8 35. Nf6+ Kf8 36. Nxh7+ Kg8 37. Nxg5 c4 38. bxc4 Rc5 39. Ne6 Rxc7 40.
Nxc7 Rc8 41. Nxe8 Rxe8 42. e5 Kf7 43. g4 Rg8 44. Re4 Rg5 45. e6+ Ke8 46. f6 b5
47. f7+ Ke7 48. Rf4 Rxg4+ 49. Rxg4 bxc4 50. Rf4 c3 51. f8=Q+ Kxe6 52. Rf6+ Kd5
53. Qd6+ Kc4 54. Rf4+ Kb5 55. Rf5+ Ka4 56. Qb8 a5 57. Qb3# 1-0

[Event "Est ch 2020 U18"]
[Site "?"]
[Date "2020.01.23"]
[Round "1.12"]
[White "Raide, Sivert"]
[Black "Vaino, Nikita"]
[Result "0-1"]
[WhiteElo "1607"]
[BlackElo "1894"]
[PlyCount "112"]
[SourceVersionDate "2020.02.03"]

1. d4 d5 2. c4 e6 3. Nf3 Nf6 4. Bg5 Be7 5. Nc3 h6 6. Bxf6 Bxf6 7. e3 O-O 8. Be2
dxc4 9. Bxc4 c5 10. Ne4 Be7 11. O-O Qb6 12. Nxc5 Bxc5 13. dxc5 Qxb2 14. Rb1 Qa3
15. Qd6 Nd7 16. Rfd1 Qxc5 17. Qxc5 Nxc5 18. Ne5 b6 19. Be2 Bb7 20. Rdc1 Bd5 21.
Rb2 Rac8 22. f3 Na4 23. Rxc8 Rxc8 24. Rd2 Rc1+ 25. Kf2 Nc3 26. Bc4 Bxc4 27.
Nxc4 Ne4+ 28. fxe4 Rxc4 29. Rd8+ Kh7 30. Rd7 Ra4 31. Rxf7 Rxa2+ 32. Kf3 b5 33.
Rb7 a6 34. Rb6 e5 35. h4 Ra4 36. g4 b4 37. h5 a5 38. Rb5 Ra3 39. Rxe5 a4 40.
Rb5 Rb3 41. e5 Kg8 42. Kf4 a3 43. e6 Kf8 44. Kf5 a2 45. Ra5 Ra3 46. Rb5 a1=Q
47. Rb8+ Ke7 48. Rb7+ Kd6 49. Rb6+ Kc5 50. e7 Qf1+ 51. Kg6 Rxe3 52. Kxg7 Rxe7+
53. Kxh6 Kxb6 54. g5 Qf8+ 55. Kg6 Rg7+ 56. Kh6 Qh8# 0-1

[Event "Est ch 2020 U18"]
[Site "?"]
[Date "2020.01.23"]
[Round "1.13"]
[White "Nikitin, Arseni"]
[Black "Naestema, Joonas Aditya"]
[Result "1-0"]
[WhiteElo "1878"]
[BlackElo "1563"]
[PlyCount "63"]
[SourceVersionDate "2020.02.03"]

1. e4 d5 2. exd5 Nf6 3. d4 Nxd5 4. c4 Nb6 5. Nc3 g6 6. Be3 Bg7 7. Rc1 O-O 8. b3
c6 9. Nf3 N8d7 10. Be2 e5 11. d5 cxd5 12. Nxd5 Nxd5 13. Qxd5 Qe7 14. O-O e4 15.
Nd2 Nf6 16. Qb5 b6 17. c5 Nd5 18. Qc4 Nxe3 19. fxe3 Bh6 20. Nxe4 Bxe3+ 21. Kh1
Bxc1 22. Nf6+ Kg7 23. Qc3 Qxe2 24. Ne8+ Kh6 25. Qxc1+ g5 26. Rf6+ Kh5 27. Ng7+
Kg4 28. h3+ Kh4 29. Rf4+ gxf4 30. Qxf4+ Bg4 31. Nf5+ Kh5 32. Qh6# 1-0

[Event "Est ch 2020 U18"]
[Site "?"]
[Date "2020.01.23"]
[Round "2.1"]
[White "Rõtshagov, Nikita"]
[Black "Chukavin, Kirill"]
[Result "0-1"]
[WhiteElo "1953"]
[BlackElo "2336"]
[PlyCount "86"]
[SourceVersionDate "2020.02.03"]

1. e4 c5 2. Nf3 e6 3. d4 cxd4 4. Nxd4 Nf6 5. Nc3 d6 6. g4 h6 7. Rg1 Nc6 8. Be3
g5 9. Be2 Ne5 10. Qd2 a6 11. h4 gxh4 12. f4 Nc6 13. O-O-O Nd7 14. g5 hxg5 15.
fxg5 Nde5 16. Rdf1 Bd7 17. Nxc6 Bxc6 18. g6 Nxg6 19. Rxg6 fxg6 20. Bg4 Bd7 21.
Qf2 Qe7 22. Kb1 Bg7 23. Qd2 Be5 24. Bg5 Qg7 25. Ne2 h3 26. Qb4 b5 27. Qb3 Rf8
28. Rd1 Bf6 29. Bxe6 Bxg5 30. Bxd7+ Qxd7 31. Qd5 Qd8 32. Nd4 Rc8 33. Ne6 (33.
Qe6+ Be7 34. Qxg6+ Kd7 35. Qg4+ Ke8 36. Qg6+ Rf7 37. Ne6 Qd7 38. Ng7+ Kf8 39.
Ne6+) 33... Qe7 34. Nxg5 Rc5 35. Qa8+ Qd8 36. Qxd8+ Kxd8 37. Ne6+ Ke7 38. Nxf8
Kxf8 39. Rh1 Rh5 40. Kc1 g5 41. Kd2 g4 42. Ke2 g3 43. Kf3 g2 0-1

[Event "Est ch 2020 U18"]
[Site "?"]
[Date "2020.01.23"]
[Round "2.2"]
[White "Pedoson, Georg Aleksander"]
[Black "Pedmanson, Herman"]
[Result "1-0"]
[WhiteElo "2241"]
[BlackElo "1931"]
[PlyCount "81"]
[SourceVersionDate "2020.02.03"]

1. c4 Nf6 2. Nc3 e6 3. e4 d6 4. g3 g6 5. Bg2 Bg7 6. Nge2 O-O 7. O-O Nbd7 8. Rb1
a5 9. a3 e5 10. b4 b6 11. d3 Bb7 12. h3 Nh5 13. Qb3 axb4 14. axb4 f5 15. c5+
Kh8 16. cxd6 cxd6 17. Nb5 f4 18. Nxd6 Qf6 19. Nxb7 f3 20. Bxf3 Qxf3 21. Qd1 Qf6
22. Qb3 Rab8 23. Qd5 Qf3 24. Qxd7 Qxe2 25. Bg5 Rf3 26. Rbe1 Qa2 27. Ra1 Qe2 28.
Nd6 Rbf8 29. Rae1 Qxd3 30. Re3 Rxe3 31. Bxe3 Qb3 32. Ne8 Rf7 33. Qd5 Qxd5 34.
exd5 Re7 35. Nxg7 Nxg7 36. Bxb6 Rd7 37. Rd1 Nf5 38. Bc5 Nd4 39. d6 Kg8 40. Kg2
Kf7 41. f4 1-0

[Event "Est ch 2020 U18"]
[Site "?"]
[Date "2020.01.23"]
[Round "2.3"]
[White "Vaino, Nikita"]
[Black "Uibokant, Mathias Robert"]
[Result "1/2-1/2"]
[WhiteElo "1894"]
[BlackElo "2126"]
[PlyCount "97"]
[SourceVersionDate "2020.02.03"]

1. c4 e6 2. Nc3 Nf6 3. g3 Be7 4. Bg2 d5 5. cxd5 Nxd5 6. Nxd5 exd5 7. Qb3 c6 8.
d3 Nd7 9. Nf3 O-O 10. O-O Nc5 11. Qc2 Bf5 12. b4 Ne6 13. a3 Bf6 14. Bb2 Bg4 15.
Ne5 Bxe5 16. Bxe5 Qg5 17. f4 Qh5 18. e3 f6 19. Bc3 Rad8 20. Bd2 Rfe8 21. Rfe1
Bf3 22. Bxf3 Qxf3 23. Qd1 Qxd1 24. Raxd1 b6 25. Rc1 c5 26. Kf2 c4 27. f5 Ng5
28. e4 cxd3 29. Bxg5 fxg5 30. exd5 Rxe1 31. Kxe1 Rxd5 32. Rc8+ Kf7 33. Rc7+ Kf6
34. Rxa7 Kxf5 35. Rxg7 h5 36. h4 gxh4 37. gxh4 Ke4 38. Kd2 Rf5 39. Re7+ Kd4 40.
Rd7+ Kc4 41. Rxd3 Rf2+ 42. Ke3 Rh2 43. Rd4+ Kb3 44. Rd6 b5 45. Rd5 Rh3+ 46. Kd2
Rxh4 47. Rxb5 Kxa3 48. Ke2 Rxb4 49. Rxh5 1/2-1/2

[Event "Est ch 2020 U18"]
[Site "?"]
[Date "2020.01.23"]
[Round "2.4"]
[White "Aga, Rihard"]
[Black "Pedmanson, Albert"]
[Result "1/2-1/2"]
[WhiteElo "2057"]
[BlackElo "1915"]
[PlyCount "120"]
[SourceVersionDate "2020.02.03"]

1. d4 c5 2. d5 Nf6 3. c4 b5 4. cxb5 a6 5. bxa6 g6 6. Nc3 Bxa6 7. e4 Bxf1 8.
Kxf1 d6 9. g3 Bg7 10. Kg2 O-O 11. Nf3 Nbd7 12. Qc2 Qb6 13. Rb1 Rfb8 14. b3 Ng4
15. h3 Nge5 16. Ne1 Qa5 17. Bd2 Nb6 18. a4 Qa6 19. Nb5 Rc8 20. Bg5 Kf8 21. Be3
Ned7 22. Nf3 c4 23. Rhc1 cxb3 24. Qxb3 Rxc1 25. Rxc1 Qxa4 26. Qxa4 Nxa4 27. Rc7
Ndc5 28. e5 Ne4 29. exd6 exd6 30. Ng5 Nxg5 31. Bxg5 Nb6 32. Nxd6 f6 33. Rf7+
Kg8 34. Bxf6 Bxf6 35. Rxf6 Nxd5 36. Re6 Rd8 37. Ne4 Kg7 38. Nc5 Rc8 39. Nd7 Rd8
40. Ne5 Rc8 41. h4 Rc7 42. Kh3 Re7 43. Rxe7+ Nxe7 44. g4 Nd5 45. Kg3 Kf6 46.
Nd7+ Ke7 47. Nc5 Kf7 48. Kf3 Nf6 49. Kf4 Nd5+ 50. Ke5 Nf6 51. f3 h6 52. Ne4
Nd7+ 53. Kd6 Nb6 54. Kc6 Na4 55. f4 Nb2 56. f5 h5 57. gxh5 gxf5 58. Nd6+ Kf6
59. Nxf5 Kxf5 60. Kd6 Kf6 1/2-1/2

[Event "Est ch 2020 U18"]
[Site "?"]
[Date "2020.01.23"]
[Round "2.5"]
[White "Protassov, Vlad"]
[Black "Nikitin, Arseni"]
[Result "1/2-1/2"]
[WhiteElo "1957"]
[BlackElo "1878"]
[PlyCount "29"]
[SourceVersionDate "2020.02.03"]

1. d4 Nf6 2. c4 d5 3. Nf3 g6 4. cxd5 Nxd5 5. e4 Nb6 6. Nc3 Bg7 7. Be2 O-O 8.
O-O Bg4 9. e5 Nc6 10. Be3 Nb4 11. Qd2 c6 12. Rfd1 N4d5 13. Bh6 Bxf3 14. Bxf3
Nc4 15. Qe2 1/2-1/2

[Event "Est ch 2020 U18"]
[Site "?"]
[Date "2020.01.23"]
[Round "2.6"]
[White "Sadekov, Maksim"]
[Black "Andrijashkin, Deniss"]
[Result "1/2-1/2"]
[WhiteElo "1874"]
[BlackElo "1955"]
[PlyCount "64"]
[SourceVersionDate "2020.02.03"]

1. d4 Nf6 2. c4 c5 3. d5 e5 4. Nc3 d6 5. e4 Be7 6. Bd3 O-O 7. f3 Ne8 8. Qc2 g6
9. g4 Bh4+ 10. Kd1 Ng7 11. Bh6 Na6 12. a3 Qe7 13. Nge2 Qf6 14. Ng1 Bd7 15. Qg2
Nc7 16. g5 Qe7 17. f4 f6 18. Nf3 fxg5 19. fxg5 Rf4 20. Ne2 Rg4 21. Qf1 Rf8 22.
h3 Rxg5 23. Bxg5 Bxg5 24. Qg2 Bh6 25. Kc2 Nh5 26. Nh2 Qh4 27. Ng4 Bf4 28. Raf1
b5 29. Qf2 Qxf2 30. Rxf2 a6 31. Rhf1 Kg7 32. Rb1 Rc8 1/2-1/2

[Event "Est ch 2020 U18"]
[Site "?"]
[Date "2020.01.23"]
[Round "2.7"]
[White "Kull, Tormi"]
[Black "Orgse, Karl Kristofer"]
[Result "1-0"]
[WhiteElo "1668"]
[BlackElo "1969"]
[PlyCount "73"]
[SourceVersionDate "2020.02.03"]

1. d4 Nf6 2. c4 e6 3. Nf3 Bb4+ 4. Bd2 Qe7 5. e3 b6 6. Bd3 Bb7 7. a3 Bxd2+ 8.
Nbxd2 d6 9. Qc2 Nbd7 10. O-O O-O 11. b4 e5 12. d5 Rae8 13. e4 Nh5 14. g3 g6 15.
Nh4 c6 16. Qd1 cxd5 17. exd5 Ng7 18. Qe2 f5 19. f3 Qg5 20. Rae1 Nh5 21. Qg2
Ndf6 22. Kh1 f4 23. Rg1 fxg3 24. hxg3 Nf4 25. Qf1 N6h5 26. Ne4 Nxg3+ 27. Rxg3
Qxh4+ 28. Kg1 Nxd3 29. Qxd3 Bc8 30. Kg2 Bh3+ 31. Rxh3 Qxe1 32. Ng5 Qc1 33. Nxh7
Rf7 34. Qxg6+ Rg7 35. Nf6+ Kf8 36. Rh8+ Ke7 37. Rxe8# 1-0

[Event "Est ch 2020 U18"]
[Site "?"]
[Date "2020.01.23"]
[Round "2.8"]
[White "Shnurov, Daniil"]
[Black "Olde, Karl Erik"]
[Result "0-1"]
[WhiteElo "1752"]
[BlackElo "1940"]
[PlyCount "116"]
[SourceVersionDate "2020.02.03"]

1. d4 d5 2. c4 e6 3. Nf3 Nf6 4. Bg5 Be7 5. Nc3 O-O 6. e3 b6 7. cxd5 Nxd5 8.
Nxd5 exd5 9. Bxe7 Qxe7 10. Qc2 c5 11. Bd3 g6 12. b3 Nc6 13. O-O Nb4 14. Qd2
Nxd3 15. Qxd3 Bf5 16. Qd2 Be4 17. Ne5 Rac8 18. Rac1 Rfe8 19. Rfe1 Qg5 20. f4
Qf5 21. h3 h5 22. Qf2 Rc7 23. Kh2 Rec8 24. g4 hxg4 25. Nxg4 Kg7 26. Qh4 Rh8 27.
Qg5 Qxg5 28. fxg5 Rh5 29. Nf6 Rh8 30. dxc5 bxc5 31. Kg3 Bf5 32. h4 Rd8 33. Red1
Be6 34. Kf4 Rh8 35. Rh1 c4 36. Rc3 Rb7 37. Ke5 Rb5 38. Kd4 Rb4 39. Kc5 Rhb8 40.
bxc4 dxc4 41. h5 R4b5+ 42. Kd6 Rxg5 43. Ne4 Rxh5 44. Rxh5 gxh5 45. Ng5 Rb6+ 46.
Kc5 Kg6 47. Nf3 Kf5 48. Nd4+ Kg5 49. Nb5 h4 50. a3 Rxb5+ 51. Kxb5 h3 52. Ka6 h2
53. Rc1 Bd5 54. Kb5 h1=Q 55. Rxh1 Bxh1 56. Kxc4 Kf5 57. Kd4 Bg2 58. a4 a5 0-1

[Event "Est ch 2020 U18"]
[Site "?"]
[Date "2020.01.23"]
[Round "2.9"]
[White "Savinov, Matvei"]
[Black "Makarov, Gleb"]
[Result "1-0"]
[WhiteElo "1857"]
[BlackElo "1671"]
[PlyCount "59"]
[SourceVersionDate "2020.02.03"]

1. Nf3 Nf6 2. g3 g6 3. Bg2 Bg7 4. O-O d5 5. d3 O-O 6. Nbd2 Bf5 7. c3 Qc8 8. Re1
c6 9. e4 Bh3 10. exd5 Bxg2 11. Kxg2 Nxd5 12. c4 Nc7 13. Ne4 Re8 14. d4 Nd7 15.
b3 Nf6 16. Bb2 Nxe4 17. Rxe4 c5 18. Qe2 cxd4 19. Bxd4 e6 20. Bxg7 Kxg7 21. Qb2+
Kg8 22. Qd2 Kg7 23. Rh4 h5 24. Qd4+ Kg8 25. g4 Qd8 26. Qf4 hxg4 27. Ne5 Qe7 28.
Qh6 Qf6 29. Qh7+ Kf8 30. Nd7+ 1-0

[Event "Est ch 2020 U18"]
[Site "?"]
[Date "2020.01.23"]
[Round "2.10"]
[White "Kuldmaa, Tanel"]
[Black "Snitsarenko, Igor"]
[Result "0-1"]
[WhiteElo "1666"]
[BlackElo "1818"]
[PlyCount "66"]
[SourceVersionDate "2020.02.03"]

1. d4 Nf6 2. c4 d6 3. Nc3 g6 4. e4 Bg7 5. f3 O-O 6. Be3 Nc6 7. Bd3 e5 8. d5 Ne7
9. Nge2 Ne8 10. g4 f5 11. gxf5 gxf5 12. Bg5 f4 13. Qd2 Bf6 14. h4 Ng6 15. Bxf6
Qxf6 16. h5 Nh4 17. Ng1 Kh8 18. Qf2 Rg8 19. Rxh4 Rxg1+ 20. Bf1 Rg3 21. Rh2 Bd7
22. O-O-O Qf7 23. Bd3 Nf6 24. Ne2 Rag8 25. Qxa7 Rxf3 26. Qxb7 Re3 27. Kd2 Ng4
28. Rg2 f3 29. Rf1 fxg2 30. Rxf7 Rxe2+ 31. Bxe2 g1=Q 32. Rxd7 Qe3+ 33. Ke1 Nf6
0-1

[Event "Est ch 2020 U18"]
[Site "?"]
[Date "2020.01.23"]
[Round "2.11"]
[White "Rikas, Artur"]
[Black "Raide, Sivert"]
[Result "1/2-1/2"]
[WhiteElo "1809"]
[BlackElo "1607"]
[PlyCount "56"]
[SourceVersionDate "2020.02.03"]

1. e4 d5 2. exd5 Nf6 3. d4 Bg4 4. Be2 Bxe2 5. Nxe2 Nxd5 6. c4 Nf6 7. Nbc3 e6 8.
Qb3 b6 9. Bf4 Bd6 10. Rd1 O-O 11. O-O Qe7 12. Rfe1 Re8 13. Bxd6 cxd6 14. Ng3
Nbd7 15. Nb5 Rec8 16. Nf5 Qf8 17. Nfxd6 Rc6 18. Ne4 Nxe4 19. Rxe4 a6 20. Nc3
Rac8 21. Na4 Rxc4 22. Nxb6 Nxb6 23. Qxb6 Rb4 24. Qxa6 Ra8 25. Qd3 Rxa2 26. d5
Rxe4 27. Qxe4 exd5 28. Qxd5 Rxb2 1/2-1/2

[Event "Est ch 2020 U18"]
[Site "?"]
[Date "2020.01.23"]
[Round "2.12"]
[White "Padari, Tuudur Jakob"]
[Black "Nazarov, Vladislav"]
[Result "1/2-1/2"]
[WhiteElo "1629"]
[BlackElo "1761"]
[PlyCount "115"]
[SourceVersionDate "2020.02.03"]

1. Nf3 Nf6 2. d4 d5 3. e3 e6 4. Be2 Bd6 5. O-O O-O 6. c4 c6 7. Nc3 Nbd7 8. b3
Re8 9. Bb2 Nf8 10. c5 Bc7 11. Ne5 Ng6 12. f4 Nd7 13. Bd3 f5 14. Nxg6 hxg6 15.
Rf3 Kf7 16. Rh3 Rh8 17. Qf3 Nf6 18. Rxh8 Qxh8 19. h3 Qh4 20. Kh2 g5 21. g3 Qh6
22. Rg1 g4 23. Qf1 Qxh3+ 24. Qxh3 gxh3 25. Kxh3 Ng4 26. Nd1 Bd7 27. Kg2 Rh8 28.
Rh1 Rxh1 29. Kxh1 Ke7 30. Kg2 Be8 31. Be2 Bh5 32. Bxg4 Bxg4 33. Nf2 Be2 34. Nh3
Ba5 35. a3 Bd8 36. Ng5 Bd1 37. b4 Bg4 38. Nf3 Bxf3+ 39. Kxf3 a5 40. Bc3 axb4
41. axb4 Kd7 42. g4 Kc7 43. g5 Kb8 44. Ke2 Ka7 45. Kd3 Ka6 46. Kc2 Kb5 47. Kb3
g6 48. Be1 Be7 49. Bc3 Bf8 50. Be1 Bg7 51. Bc3 b6 52. Be1 bxc5 53. bxc5 Bf8 54.
Bb4 Be7 55. Be1 Bd8 56. Bb4 Ba5 57. Bxa5 Kxa5 58. Ka3 1/2-1/2

[Event "Est ch 2020 U18"]
[Site "?"]
[Date "2020.01.23"]
[Round "2.13"]
[White "Naestema, Joonas Aditya"]
[Black "Tomson, Mihkel"]
[Result "0-1"]
[WhiteElo "1563"]
[BlackElo "1727"]
[PlyCount "66"]
[SourceVersionDate "2020.02.03"]

1. d4 Nf6 2. Nf3 d5 3. Bf4 c5 4. e3 Nc6 5. c4 cxd4 6. Nxd4 e6 7. Nc3 Bb4 8.
Ndb5 O-O 9. a3 Bxc3+ 10. Nxc3 a6 11. cxd5 exd5 12. Be2 d4 13. exd4 Nxd4 14. O-O
Nxe2+ 15. Qxe2 Be6 16. Rfd1 Qb6 17. Rd6 Qc5 18. Ne4 Nxe4 19. Qxe4 Qb5 20. Qd4
Rac8 21. Rb6 Qf5 22. Rxb7 Rc4 23. Qa7 Qxf4 24. Rf1 Rc1 25. Rb4 Bc4 26. g3 Rxf1+
27. Kg2 Qe4+ 28. Kh3 Be6+ 29. g4 Qf3+ 30. Kh4 Rxf2 31. h3 Rh2 32. Rb8 Rxh3+ 33.
Kg5 h6# 0-1

[Event "Est ch 2020 U18"]
[Site "?"]
[Date "2020.01.23"]
[Round "2.14"]
[White "Uibokant, Karl Oskar"]
[Black "Savustjan, Arseni"]
[Result "1-0"]
[WhiteElo "1714"]
[BlackElo "1461"]
[PlyCount "71"]
[SourceVersionDate "2020.02.03"]

1. e4 e5 2. Nf3 Nc6 3. Bc4 d6 4. O-O Nf6 5. Ng5 d5 6. exd5 Nxd5 7. Qf3 Qxg5 8.
Bxd5 Qf6 9. Re1 Bc5 10. Nc3 a6 11. Bxc6+ bxc6 12. d3 Qxf3 13. Rxe5+ Be7 14.
gxf3 Be6 15. Re2 g5 16. Bd2 Rg8 17. Rae1 g4 18. f4 O-O-O 19. f5 Bc5 20. fxe6
fxe6 21. Rxe6 Rdf8 22. Ne4 g3 23. hxg3 Bb6 24. Kg2 h5 25. Nf6 Rg6 26. Re8+ Rxe8
27. Rxe8+ Kb7 28. Nd7 a5 29. Nxb6 cxb6 30. Rh8 Re6 31. Be3 Re5 32. d4 Rb5 33.
b3 Kc7 34. Kf3 Kd6 35. Ke4 Ke6 36. Rh6+ 1-0

[Event "Est ch 2020 U18"]
[Site "?"]
[Date "2020.01.24"]
[Round "3.1"]
[White "Chukavin, Kirill"]
[Black "Kull, Tormi"]
[Result "1-0"]
[WhiteElo "2336"]
[BlackElo "1668"]
[PlyCount "69"]
[SourceVersionDate "2020.02.03"]

1. e4 c6 2. d4 d5 3. Nc3 dxe4 4. Nxe4 Bf5 5. Ng3 Bg6 6. h4 h6 7. Nf3 Nd7 8. h5
Bh7 9. Bd3 Bxd3 10. Qxd3 e6 11. Bd2 Qc7 12. Ne4 Ngf6 13. O-O-O O-O-O 14. g3
Nxe4 15. Qxe4 Nf6 16. Qe2 Bd6 17. c4 c5 18. Bc3 cxd4 19. Nxd4 a6 20. Kb1 Kb8
21. Nb3 Qc6 22. Na5 Qc5 23. Qf3 Qf5+ 24. Qxf5 exf5 25. Rxd6 Ne4 26. Rxd8+ Rxd8
27. Bxg7 Nxf2 28. Rf1 Ng4 29. Re1 f6 30. Re7 Rd3 31. Rxb7+ Kc8 32. Rb3 Rd2 33.
a3 Nf2 34. Bxh6 Re2 35. Bf4 1-0

[Event "Est ch 2020 U18"]
[Site "?"]
[Date "2020.01.24"]
[Round "3.2"]
[White "Uibokant, Mathias Robert"]
[Black "Pedoson, Georg Aleksander"]
[Result "1/2-1/2"]
[WhiteElo "2126"]
[BlackElo "2241"]
[PlyCount "42"]
[SourceVersionDate "2020.02.03"]

1. e4 c6 2. Ne2 d5 3. e5 g6 4. d4 Bg7 5. Ng3 Nh6 6. Bd3 Bg4 7. f3 Be6 8. c3 f6
9. exf6 exf6 10. O-O O-O 11. Re1 Re8 12. Nd2 Nd7 13. a4 a5 14. Nb3 Qc7 15. Be3
Nf7 16. Qd2 Qb6 17. Qc2 Qc7 18. Ne2 b6 19. Nf4 Nf8 20. Nxe6 Rxe6 21. Bf2 Rae8
1/2-1/2

[Event "Est ch 2020 U18"]
[Site "?"]
[Date "2020.01.24"]
[Round "3.3"]
[White "Nikitin, Arseni"]
[Black "Aga, Rihard"]
[Result "0-1"]
[WhiteElo "1878"]
[BlackElo "2057"]
[PlyCount "68"]
[SourceVersionDate "2020.02.03"]

1. e4 c6 2. c4 d6 3. d4 e5 4. dxe5 dxe5 5. Qxd8+ Kxd8 6. Nc3 f6 7. Be3 Be6 8.
O-O-O+ Kc7 9. f4 Nd7 10. Nf3 Re8 11. f5 Bf7 12. g4 b6 13. h4 Bc5 14. Bxc5 Nxc5
15. Be2 Ne7 16. h5 h6 17. Rd2 a5 18. b3 Nc8 19. Rhd1 Rd8 20. Rxd8 Rxd8 21. Rxd8
Kxd8 22. Ne1 Nd6 23. Bf3 b5 24. cxb5 cxb5 25. Kc2 b4 26. Ne2 Ndxe4 27. Nd3 Nxd3
28. Kxd3 Nc5+ 29. Kc2 Kc7 30. Ng3 a4 31. Ne4 axb3+ 32. axb3 Bxb3+ 33. Kd2 Nxe4+
34. Bxe4 Kd6 0-1

[Event "Est ch 2020 U18"]
[Site "?"]
[Date "2020.01.24"]
[Round "3.4"]
[White "Pedmanson, Albert"]
[Black "Protassov, Vlad"]
[Result "1/2-1/2"]
[WhiteElo "1915"]
[BlackElo "1957"]
[PlyCount "40"]
[SourceVersionDate "2020.02.03"]

1. d4 Nf6 2. Nf3 e6 3. Bf4 d5 4. e3 Bd6 5. Bg3 c5 6. c3 Qc7 7. Nbd2 O-O 8. Bd3
Nbd7 9. Bxd6 Qxd6 10. O-O e5 11. dxe5 Nxe5 12. Nxe5 Qxe5 13. Nf3 Qe7 14. h3 Rd8
15. Re1 b6 16. Qe2 Bb7 17. Nd2 g6 18. Ba6 Bc6 19. Bb5 Bb7 20. Ba6 Bc6 1/2-1/2

[Event "Est ch 2020 U18"]
[Site "?"]
[Date "2020.01.24"]
[Round "3.5"]
[White "Andrijashkin, Deniss"]
[Black "Vaino, Nikita"]
[Result "1-0"]
[WhiteElo "1955"]
[BlackElo "1894"]
[PlyCount "43"]
[SourceVersionDate "2020.02.03"]

1. e4 c6 2. Nf3 d5 3. exd5 cxd5 4. Ne5 e6 5. d4 Nc6 6. Bb5 Bd7 7. Nxd7 Qxd7 8.
c3 a6 9. Bd3 Bd6 10. Qe2 Qc7 11. Nd2 Nge7 12. Nf3 Ng6 13. g3 O-O-O 14. O-O e5
15. dxe5 Ngxe5 16. Nxe5 Nxe5 17. Be3 h5 18. Rfe1 h4 19. Bd4 Rde8 20. Bf5+ Kb8
21. f4 Nc6 22. Qxe8+ 1-0

[Event "Est ch 2020 U18"]
[Site "?"]
[Date "2020.01.24"]
[Round "3.6"]
[White "Pedmanson, Herman"]
[Black "Sadekov, Maksim"]
[Result "0-1"]
[WhiteElo "1931"]
[BlackElo "1874"]
[PlyCount "50"]
[SourceVersionDate "2020.02.03"]

1. d4 e6 2. Nf3 b6 3. Bf4 Bb7 4. c3 d5 5. e3 Nf6 6. Bd3 Be7 7. Nbd2 O-O 8. Qc2
c5 9. Ng5 h6 10. Bh7+ Kh8 11. h4 Nc6 12. Ndf3 cxd4 13. exd4 Bc8 14. Ne5 Qe8 15.
Bd3 Nxe5 16. dxe5 Nd7 17. Bb5 g6 18. h5 Qd8 19. Nxf7+ Rxf7 20. Qxg6 Qg8 21.
Qxe6 Nf6 22. Qc6 Bd7 23. Qb7 Bxb5 24. exf6 Bxf6 25. Bc7 Qe8+ 0-1

[Event "Est ch 2020 U18"]
[Site "?"]
[Date "2020.01.24"]
[Round "3.7"]
[White "Snitsarenko, Igor"]
[Black "Rõtshagov, Nikita"]
[Result "1/2-1/2"]
[WhiteElo "1818"]
[BlackElo "1953"]
[PlyCount "29"]
[SourceVersionDate "2020.02.03"]

1. b4 e5 2. Bb2 Bxb4 3. Bxe5 Nf6 4. Nf3 O-O 5. e3 d5 6. Be2 c5 7. O-O Nc6 8.
Bb2 h6 9. d3 Re8 10. Nbd2 Ba5 11. c4 dxc4 12. Nxc4 Bc7 13. d4 cxd4 14. Nxd4
Nxd4 15. Qxd4 1/2-1/2

[Event "Est ch 2020 U18"]
[Site "?"]
[Date "2020.01.24"]
[Round "3.8"]
[White "Olde, Karl Erik"]
[Black "Uibokant, Karl Oskar"]
[Result "0-1"]
[WhiteElo "1940"]
[BlackElo "1714"]
[PlyCount "66"]
[SourceVersionDate "2020.02.03"]

1. d4 d5 2. c4 dxc4 3. e3 e5 4. Bxc4 exd4 5. Nf3 Nc6 6. Nxd4 Nxd4 7. Qxd4 Bb4+
8. Nc3 Qxd4 9. exd4 Nf6 10. O-O O-O 11. Bf4 Bf5 12. a3 Ba5 13. Rad1 Rfe8 14. b4
Bb6 15. d5 Ne4 16. Nb5 Nxf2 17. Rxf2 Re4 18. Bxc7 Bxf2+ 19. Kxf2 Rxc4 20. Bg3
Rc2+ 21. Kg1 Be4 22. d6 Rd8 23. Re1 f5 24. Nd4 Rxg2+ 25. Kf1 Rd2 26. Ne6 Re8
27. Bf4 Rd3 28. Nc7 Bg2+ 29. Kf2 Rxe1 30. Kxe1 Bc6 31. b5 Bd7 32. a4 Rd4 33.
Bg3 f4 0-1